01715nam a2200253Ia 4500001000400000008004100004010000800045041001400053082001900067245019600086260001700282300000800299520000600307630002900313630002300342630001400365630002400379630002900403650001400432700002900446700005100475700002400526520091100550334241029s9999 xx 000 0 und d a302 aEspañol aMGC13-005  0aImpacto del Liderazgo Directivo en los Centros Educativos Dr. Juan Francisco Pérez Velásquez y Simón Rodríguez del Distrito Educativo 16-06, Bonao, en el Periodo Agosto-Diciembre 2012 aPuerto Plata a127 a5 aAcompañamiento Escolar aActores Educativos aLiderazgo aModelo de Gestión aSupervisión Curricular aLiderazgo easesoraMencía , Pedro eautoraGarcía Hernández, Elmeli Altagracia eautoraReyes, Tania aEl estudio se planteó como objetivo general  determinar el impacto del liderazgo directivo en los  Centros Educativos Dr. Juan Francisco Pérez  Velásquez y Simón Rodríguez  del Distrito Educativo 16-06, Bonao.La investigación fue de carácter descriptivo, porque se realizó una descripción general y minuciosa sobre el liderazgo.  Se realizó bajo un enfoque cuantitativo y cualitativo, ya que presentó los resultados de manera numérica y describió la realidad tal como la experimenta.  La técnica utilizada fue la encuesta y como instrumento el cuestionario. El estudio evidenció que en lo relativo al nivel de apreciación de los educadores, el 43% estuvo en desacuerdo sobre la existencia del liderazgo ejercido por los directivos de los centros educativos objetos de estudio.  El 52% de los docentes afirmó que el liderazgo ejercido los directores es autoritario.